<?xml version="1.0" encoding="UTF-8"?>
<record
    xmlns:xsi="http://www.w3.org/2001/XMLSchema-instance"
    xsi:schemaLocation="http://www.loc.gov/MARC21/slim http://www.loc.gov/standards/marcxml/schema/MARC21slim.xsd"
    xmlns="http://www.loc.gov/MARC21/slim">

  <leader>01798cam a22003371  4500</leader>
  <controlfield tag="001">20210</controlfield>
  <controlfield tag="003">BD-RjUL</controlfield>
  <controlfield tag="005">20211209000532.0</controlfield>
  <controlfield tag="008">140226s1922    enka     b    000 0 eng  </controlfield>
  <datafield tag="035" ind1=" " ind2=" ">
    <subfield code="a">(BD-RjUL)20272</subfield>
  </datafield>
  <datafield tag="035" ind1=" " ind2=" ">
    <subfield code="a">(OCoLC)4274901</subfield>
  </datafield>
  <datafield tag="040" ind1=" " ind2=" ">
    <subfield code="a">DLC</subfield>
    <subfield code="c">CCC</subfield>
    <subfield code="d">OCoLC</subfield>
    <subfield code="d">DLC</subfield>
    <subfield code="d">BD-RjUL</subfield>
    <subfield code="b">eng</subfield>
  </datafield>
  <datafield tag="041" ind1="1" ind2=" ">
    <subfield code="a">eng</subfield>
    <subfield code="h">und</subfield>
  </datafield>
  <datafield tag="082" ind1="0" ind2="4">
    <subfield code="a">829.8</subfield>
    <subfield code="b">EAR 1922</subfield>
  </datafield>
  <datafield tag="245" ind1="0" ind2="4">
    <subfield code="a">The Earliest arithmetics in English /</subfield>
    <subfield code="c">ed. with introduction by Robert Steele.</subfield>
  </datafield>
  <datafield tag="260" ind1=" " ind2=" ">
    <subfield code="a">London :</subfield>
    <subfield code="b">Pub. for the Early English Text Society, by H. Milford, Oxford University Press,</subfield>
    <subfield code="c">1922.</subfield>
  </datafield>
  <datafield tag="300" ind1=" " ind2=" ">
    <subfield code="a">xviii, 84 p. :</subfield>
    <subfield code="b">ills ;</subfield>
    <subfield code="c">22 cm.</subfield>
  </datafield>
  <datafield tag="490" ind1="0" ind2=" ">
    <subfield code="a">Early English Text Society. Extra series,</subfield>
    <subfield code="v">no. CXVIII. 1922 (for 1916)</subfield>
  </datafield>
  <datafield tag="504" ind1=" " ind2=" ">
    <subfield code="a">Early English Text Society's list of publications, etc. (8 p.) at end.</subfield>
  </datafield>
  <datafield tag="505" ind1="0" ind2=" ">
    <subfield code="a">Introduction.--The crafte of nombrynge, a translation and amplification of one of the glosses on the De algorismo of Alexander de Villa Dei (Egerton ms. 2622)--The art of nombryng, a translation of John of Holywood's De arte numerandi (Ashmole ms. 396, fol. 48)--Accomptynge by counters, reprinted from the 1543 edition of Robert Record's Arithmetic, printed by R. Wolfe.--Appendix I. A treatise on the numeration of algorism (From a 14th century ms.) II. Carmen de algorismo, by Alexander de Villa Dei (B.M. ms., 8 C IV., with additions from 12 E. 1 &amp; Eg. 2622)</subfield>
  </datafield>
  <datafield tag="650" ind1=" " ind2="0">
    <subfield code="a">Arithmetic</subfield>
    <subfield code="x">Early works to 1900.</subfield>
    <subfield code="9">62291</subfield>
  </datafield>
  <datafield tag="650" ind1=" " ind2="0">
    <subfield code="a">Mathematics</subfield>
    <subfield code="x">History.</subfield>
    <subfield code="9">62292</subfield>
  </datafield>
  <datafield tag="650" ind1=" " ind2="0">
    <subfield code="a">Algorithms.</subfield>
    <subfield code="9">62293</subfield>
  </datafield>
  <datafield tag="700" ind1="0" ind2=" ">
    <subfield code="a">Alexander,</subfield>
    <subfield code="c">de Villa Dei.</subfield>
    <subfield code="9">62294</subfield>
  </datafield>
  <datafield tag="700" ind1="2" ind2=" ">
    <subfield code="a">Sacro Bosco, Joannes de,</subfield>
    <subfield code="d">active 1230.</subfield>
    <subfield code="9">62295</subfield>
  </datafield>
  <datafield tag="700" ind1="1" ind2=" ">
    <subfield code="a">Record, Robert,</subfield>
    <subfield code="d">1510?-1558.</subfield>
    <subfield code="9">62296</subfield>
  </datafield>
  <datafield tag="700" ind1="1" ind2=" ">
    <subfield code="a">Steele, Robert,</subfield>
    <subfield code="d">1860-1944,</subfield>
    <subfield code="e">ed.</subfield>
    <subfield code="9">62297</subfield>
  </datafield>
  <datafield tag="942" ind1=" " ind2=" ">
    <subfield code="2">ddc</subfield>
    <subfield code="c">BK</subfield>
  </datafield>
  <datafield tag="999" ind1=" " ind2=" ">
    <subfield code="c">20210</subfield>
    <subfield code="d">20210</subfield>
  </datafield>
  <datafield tag="952" ind1=" " ind2=" ">
    <subfield code="0">0</subfield>
    <subfield code="1">0</subfield>
    <subfield code="2">ddc</subfield>
    <subfield code="4">0</subfield>
    <subfield code="7">1</subfield>
    <subfield code="a">RUCL</subfield>
    <subfield code="b">RUCL</subfield>
    <subfield code="c">Reading</subfield>
    <subfield code="d">1956-11-05</subfield>
    <subfield code="e">Black Well</subfield>
    <subfield code="g">0.18</subfield>
    <subfield code="l">0</subfield>
    <subfield code="o">829.8 EAR 1922</subfield>
    <subfield code="r">2014-02-27 00:00:00</subfield>
    <subfield code="t">C-1</subfield>
    <subfield code="w">2014-02-27</subfield>
    <subfield code="y">BK</subfield>
  </datafield>
</record>
